| 000 | 00732nam a2200217 4500 | ||
|---|---|---|---|
| 003 | OSt | ||
| 005 | 20240731023544.0 | ||
| 006 | a | ||
| 008 | 240731b |||||||| |||| 00| 0 eng d | ||
| 020 | _a9780077116903 | ||
| 040 |
_aDWCL-Main lib. _cOC |
||
| 082 |
_2Southern African edition _aCirc. 658.1511 M267 2008 |
||
| 100 | _aCarlos Correia | ||
| 245 | _aManagement accounting information for managing and creating value / | ||
| 250 | _aSouthern African edition | ||
| 260 |
_aLondon : _bMcGraw-Hill Education, _cc2008. |
||
| 300 |
_axxi, _b1210 p. : ill. ; _c27 cm. |
||
| 504 | _aIncludes bibliographical references and index. | ||
| 650 | _a1. Managerial accounting. | ||
| 942 |
_2ddc _n0 _cBK-CIRC _eSouthern African edition _kCirc. |
||
| 999 |
_c3005 _d3005 |
||